|
|
|
|
| LEADER |
00000cam a2200000 7i4500 |
| 001 |
0000086333 |
| 005 |
20210304.0 |
| 008 |
210127 |
| 020 |
|
|
|a 9789672302117
|
| 041 |
0 |
|
|a Malay
|
| 090 |
0 |
0 |
|a 158.1
|b MOH
|
| 100 |
0 |
|
|a Mohd Daud Bakar
|
| 245 |
1 |
0 |
|a Dukun kegagalan :
|b bagaimana bangun setelah kecundang
|c Mohd Daud Bakar
|
| 260 |
|
|
|a Kuala Lumpur :
|b Amanie Media Sdn. Bhd. ,
|c 2019
|
| 300 |
|
|
|a 225 p. ;
|c 19.7 cm.
|
| 541 |
0 |
0 |
|c Purchased on 2020
|f JI 5767 JI
|h RM30.00
|
| 650 |
|
0 |
|a Comebacks
|
| 650 |
|
0 |
|a Conduct of life
|
| 650 |
|
0 |
|a Failure
|x Psychology
|
| 999 |
|
|
|a 0001651292
|b Book
|c Adult Collection
|e Perbadanan Perpustakaan Awam Johor
|
| 999 |
|
|
|a 0001651293
|b Book
|c Adult Collection
|e Perbadanan Perpustakaan Awam Johor
|
| 999 |
|
|
|a 0001651294
|b Book
|c Adult Collection
|e Cawangan Urban Transformation Centre
|
| 999 |
|
|
|a 0001651295
|b Book
|c Adult Collection
|e Cawangan AEON Kulaijaya
|
| 999 |
|
|
|a 0001651461
|b Book
|c Adult Collection
|e Cawangan Bandar Penawar
|
| 999 |
|
|
|a 0001651462
|b Book
|c Adult Collection
|e Cawangan Tmn. Ungku Tun Aminah
|
| 999 |
|
|
|a 0001651464
|b Book
|c Adult Collection
|e Cawangan Bandar Tenggara
|
| 999 |
|
|
|a 0001651465
|b Book
|c Adult Collection
|e Cawangan Tangkak
|
| 999 |
|
|
|a 0001651466
|b Book
|c Adult Collection
|e Cawangan Batu Pahat
|
| 999 |
|
|
|a 0001651467
|b Book
|c Adult Collection
|e Cawangan Bukit Gambir
|
| 999 |
|
|
|a 0001651468
|b Book
|c Adult Collection
|e Cawangan Kota Tinggi
|
| 999 |
|
|
|a 0001651469
|b Book
|c Adult Collection
|e Cawangan Mersing
|
| 999 |
|
|
|a 0001651470
|b Book
|c Adult Collection
|e Cawangan Muar
|
| 999 |
|
|
|a 0001651471
|b Book
|c Adult Collection
|e Cawangan Segamat
|
| 999 |
|
|
|a 0001651472
|b Book
|c Adult Collection
|e Cawangan Pontian
|
| 999 |
|
|
|a 0001651473
|b Book
|c Adult Collection
|e Cawangan Taman Sri Lambak
|